000 00600nam a2200169 a 4500
001 000038286
005 20201002031221.0
008 130408s1995 dr 000 0 spa d
040 _aDO-SdBNP
_bspa
_cBNPHU
100 1 _aHernando, Guillermo
_964654
245 1 3 _aEl crimen pasional :
_bclinica y comportamiento del criminal /
_cGuillermo Hernando.
260 _aSanto Domingo :
_bPubliestimulo-Ciemps,
_c1995.
300 _a57 p. ;
_c21 cm.
500 _aIncluye datos biográficos del autor en la contracubierta
500 _aIncluye notas al pie de las páginas
504 _aBibliografía : p. 55-57
999 _c37776
_d37776